Statystyki dla Państwa z 0% analfabetyzmu

Kliknij tutaj aby rozwiązać quiz!

Ogólne statystyki

  • Ten quiz został rozwiązany 7,375 razy
  • Średni wynik to 12 z 20

Statystyki odpowiedzi

Państwa % poprawnych
Niemcy
86%
Stany Zjednoczone
85%
Kanada
77%
Japonia
75%
Szwecja
74%
Norwegia
73%
Wielka Brytania
68%
Finlandia
68%
Dania
64%
Holandia
60%
Szwajcaria
60%
Belgia
60%
Luksemburg
55%
Czechy
55%
Islandia
52%
Irlandia
49%
Słowacja
46%
Monako
44%
Andora
43%
Nowa Zelandia
30%

Rozkład punktacji

Percentyl według liczby udzielonych odpowiedzi

Procent ludzi z każdym wynikiem

Twoja historia wyników

Nie rozwiązałeś tego quizu